000
00294nam a22001337a 4500
008
170731b xxu||||| |||| 00| 0 eng d
020
_a
752063324516
041
_a
eng
080
_2
4TH
_a
004
100
_a
32
101
_a
SHK
245
_a
TEACH YOURSELF SQL
_c
STEPHENS,R.K
942
_2
udc
_c
BK
999
_c
22291
_d
22291